00406 a2200157 4500003000400000005001700004008004100021020001800062040000900080082002000089100001900109245004600128250001200174260005200186300001000238OSt20231215091443.0231214b |||||||| |||| 00| 0 eng d a9789388646604 coclc a894.8128bKAR/M aKarve, Irawati aMahabharatha Padanangal /cEravathi Karve a1st ed. aKozhikode:bPusthaka Prasadhaka Sangham,c2021. a176p.